| 000 | 00690nam a22002411 4500 | ||
|---|---|---|---|
| 001 | 141887 | ||
| 003 | ES-MaACL | ||
| 005 | 20230906200406.0 | ||
| 007 | t| | ||
| 008 | 071001s1952 sp ||||0| spa d | ||
| 016 | 7 | _zIND2000946123 | |
| 040 |
_aM-BN _bspa _cCDM |
||
| 080 | _a82-312.4"19" | ||
| 100 | 1 |
_aWilliams, Ben Ames. _9116911 |
|
| 245 | 1 | 0 |
_aCrisol de Almas / _cBen Ames Williams ; [versión española de Luis Jordá]. |
| 250 | _a1ª ed. | ||
| 260 |
_aBarcelona : _bLuis de Caralt, _c[1952] |
||
| 300 |
_a279 p. : _bil. ; _c21 cm. |
||
| 490 | 1 | _aClub del crimen | |
| 830 | 0 |
_aClub del crimen _9182362 |
|
| 852 |
_aES-MaACL _jD-8105 _bR.32206 |
||
| 999 |
_c141887 _d141887 |
||